[Event "Aurora Spring op"]
[Site "Aurora"]
[Date "2014.03.08"]
[Round "3.6"]
[White "Hua, Eugene"]
[Black "Wang, Eric Zechen"]
[Result "0-1"]
[WhiteElo "1966"]
[BlackElo "1886"]
[PlyCount "146"]
[EventDate "2014.03.08"]
[EventType "swiss"]
[EventRounds "5"]
[EventCountry "CAN"]
[SourceTitle "EXT 2022"]
[Source "ChessBase"]
[SourceDate "2021.10.06"]
[SourceVersion "1"]
[SourceVersionDate "2021.10.06"]
[SourceQuality "1"]

1. Nf3 Nf6 2. c4 c5 3. b3 g6 4. Bb2 Bg7 5. g3 Nc6 6. Bg2 0-0 7. 0-0 d6 8. d3 a6 9. Nbd2 Qc7 10. Re1 b6 11. a3 b5 12. e4 e5 13. cxb5 axb5 14. a4 Nb4 15. Nf1 bxa4 16. bxa4 Ba6 17. Ra3 Rfb8 18. Bc1 Ra7 19. Ne3 Rba8 20. Bf1 Bf8 21. Bb2 Qc6 22. Qb3 Rb7 23. Qc3 Nxd3 24. Bxd3 Bxd3 25. Qxd3 Rxb2 26. Nc4 Rb4 27. a5 Nd7 28. Rea1 Ra6 29. Nb6 Rb5 30. Nxd7 Qxd7 31. Nxe5 Qb7 32. Nc4 Rb4 33. Nd2 Rd4 34. Qe3 Qa8 35. f3 Bg7 36. Kg2 Rb4 37. R1a2 h5 38. h4 Kh7 39. Kh2 Bf6 40. Qd3 Qc6 41. Nc4 Bd4 42. Nb6 Ra7 43. Nd5 Rb8 44. Nb6 Be5 45. f4 Bd4 46. Kg2 f5 47. Nd5 Re8 48. Kh2 Rxe4 49. Nb6 Re1 50. Rg2 Re3 51. Qxe3 Bxe3 52. Rxe3 c4 53. Rc2 d5 54. Re5 Rxa5 55. Re7+ Kg8 56. Nd7 Qa6 57. Rce2 Ra2 58. Re8+ Kg7 59. R8e7+ Kh6 60. Rxa2 Qxa2+ 61. Kh3 Qa1 62. Kh2 Qh8 63. Ne5 Qf8 64. Rc7 Qb8 65. Re7 c3 66. Nf7+ Kg7 67. Ng5+ Kf8 68. Rh7 Qb2+ 69. Kh3 c2 70. Ne6+ Ke8 71. Nc7+ Kd8 72. Ne6+ Kc8 73. Rc7+ Kb8 0-1